000
00393nam a2200145Ia 4500
008
230917s9999||||xx |||||||||||||| ||und||
040
_e
169809
_a
MAIN
041
_a
English
082
_a
891.432741 DM26S
100
_a
मनोरंजन दास
245
0
_a
शब्द लिपि
260
_a
दिल्ली
_b
राजेश
_c
1978
300
_a
70 पृ. p.
942
_c
HN
999
_c
191842
_d
191842